| Tag |
First Indicator |
Second Indicator |
Subfields |
| LEADER |
00000cgm a2200000Ia 4500 |
| 001 |
in00002781520 |
| 005 |
20151202171348.0 |
| 007 |
vd mvaizu |
| 008 |
120615s2004 oru100 vaeng d |
| 024 |
1 |
|
|a 780093200647
|
| 035 |
|
|
|a (OCoLC)ocn797190599
|
| 035 |
|
|
|a (OCoLC)797190599
|
| 040 |
|
|
|a TXA
|c TXA
|d UtOrBLW
|
| 049 |
|
|
|a TXAM
|
| 090 |
|
|
|a PN1995.9.F36
|b D74 2008
|
| 245 |
0 |
4 |
|a The dream-quest of unknown Kadath /
|c Guerilla Productions presents ; directed by Edward Martin III ; art by Jason B. Thompson from his comic book adaptation "H.P. Lovecraft's The dream-quest of Unknown Kadath" ; script by Jason B. Thompson and Edward Martin III; produced by Katrina Martin.
|
| 246 |
1 |
0 |
|a H.P. Lovecraft's The dream-quest of unknown Kadath
|
| 264 |
|
0 |
|a [Portland, Or.?] :
|b Guerilla Productions,
|c [2008]
|
| 264 |
|
4 |
|c ©2008
|
| 300 |
|
|
|a 1 videodisc (100 min.) :
|b sound; black and white, with some color sequences ;
|c 4 3/4 in.
|
| 336 |
|
|
|a two-dimensional moving image
|b tdi
|2 rdacontent
|
| 337 |
|
|
|a video
|b v
|2 rdamedia
|
| 338 |
|
|
|a videodisc
|b vd
|2 rdacarrier
|
| 500 |
|
|
|a Animated adaptation of H.P. Lovecraft's novel The dream-quest of unknown Kadath, originally written in 1927 and published posthumously in 1943.
|
| 500 |
|
|
|a Premiered Oct. 10, 2003, at the H.P. Lovecraft Film Festival in Portland, Or.
|
| 511 |
0 |
|
|a Narrator, Eric Stenson ; voices by Toren Atkinson, Jason Brooks, Andrew Hamlin, and others.
|
| 508 |
|
|
|a Music, Cyoakha Grace O'Manion; animation supervisor, Edward Martin III ; principal animation, Edward Martin III.
|
| 500 |
|
|
|a Special features: Teaser; trailer; bonus shorts; The making of The dream-quest of unknown Kadath.
|
| 520 |
|
|
|a "Randolph Carter, determined to reach the beautiful Sunset City of his dreams, journeys across the Land of Dreams, encountering Zoogs, ghouls, evil merchants, shapeless moonbeasts, Shantak birds, zebras, yaks, and even those mysterious ... beasts: cats"--Container.
|
| 500 |
|
|
|a Videorecording.
|
| 600 |
1 |
0 |
|a Lovecraft, H. P.
|q (Howard Phillips),
|d 1890-1937
|v Film adaptations.
|
| 650 |
|
0 |
|a Dreams
|v Drama.
|
| 650 |
|
0 |
|a Monsters
|v Drama.
|
| 650 |
|
0 |
|a Graphic novels
|v Film adaptations.
|
| 650 |
|
0 |
|a Fantasy comic books, strips, etc.
|v Film adaptations.
|
| 650 |
|
0 |
|a Horror comic books, strips, etc.
|v Film adaptations.
|
| 655 |
|
7 |
|a Animated films.
|2 lcgft
|
| 655 |
|
7 |
|a Fantasy films.
|2 lcgft
|
| 655 |
|
7 |
|a Horror films.
|2 lcgft
|
| 655 |
|
7 |
|a Fiction films.
|2 lcgft
|
| 700 |
1 |
|
|a Martin, Edward,
|d 1966-
|e director,
|e screenwriter.
|
| 700 |
1 |
|
|a Thompson, Jason,
|d 1974-
|e author,
|e screenwriter.
|
| 700 |
1 |
|
|a Thompson, Jason,
|d 1974-
|t H.P. Lovecraft's The dream-quest of unknown Kadath.
|
| 700 |
1 |
|
|a Martin, Katrina,
|e producer.
|
| 700 |
1 |
|
|a Stenson, Eric,
|e narrator.
|
| 700 |
1 |
|
|a Atkinson, Toren,
|d 1970-
|e actor.
|
| 700 |
1 |
|
|a Brooks, Jason,
|d 1966-
|e actor.
|
| 700 |
1 |
|
|a Hamlin, Andrew,
|e actor.
|
| 700 |
1 |
|
|a Lovecraft, H. P.
|q (Howard Phillips),
|d 1890-1937.
|t Dream-quest of unknown Kadath.
|
| 710 |
2 |
|
|a Guerilla Productions.
|
| 730 |
0 |
|
|a Dream-quest of unknown Kadath (Motion picture)
|
| 948 |
|
|
|a cataloged
|b h
|c 2012/6/29
|d o
|e tchubaryan
|f 12:42:52 pm
|
| 994 |
|
|
|a C0
|b TXA
|
| 999 |
|
|
|a MARS
|
| 999 |
f |
f |
|s 94bd4be7-6300-35f7-8222-521b2abba60c
|i f83f3805-be70-3187-a3c3-e58a2bd8309b
|t 0
|
| 952 |
f |
f |
|p dvd
|a Texas A&M University
|b College Station
|c Sterling C. Evans Library
|d Evans: Media and Reserves (Annex 1st floor)
|t 0
|e PN1995.9.F36 D74 2008
|h Library of Congress classification
|i video -- videodisc
|m A14841118607
|
| 998 |
f |
f |
|a PN1995.9.F36 D74 2008
|t 0
|l Evans: Media and Reserves (Annex 1st floor)
|